| 000 | 00489nam a2200181Ia 4500 | ||
|---|---|---|---|
| 003 | GCL | ||
| 008 | 140319s9999 xx 000 0 eng d | ||
| 040 |
_aGCL / _cGCL |
||
| 082 | 0 | 4 |
_a381.417015118 _bJM |
| 100 | 1 | _aGADANT, MONIQUE | |
| 245 | 1 | 0 |
_aMARKET DEMAND FOR DAILY PRODUCTS / _cGADANT, MONIQUE |
| 700 | 1 | _aFAHEY, THOMASD | |
| 260 |
_a[S.N] : _bMACMILLAN PUBLISHING COMPANY ، _c1992 |
||
| 300 | _a310 P | ||
| 650 | 0 | 4 | _aMARKETS |
| 650 | 0 | 4 | _aMARKETS - ECONOMICS |
| 942 |
_2ddc _cBK |
||
| 999 |
_c16711 _d16711 |
||